THE POWER OF POSITIVE THINKING (Record no. 11259)
[ view plain ]
| 000 -LEADER | |
|---|---|
| fixed length control field | 00244nam a22000977a 4500 |
| 008 - FIXED-LENGTH DATA ELEMENTS--GENERAL INFORMATION | |
| fixed length control field | 181205b ||||| |||| 00| 0 eng d |
| 100 ## - MAIN ENTRY--PERSONAL NAME | |
| Personal name | NORMAN VINCENT PEALE |
| 9 (RLIN) | 7007 |
| 245 ## - TITLE STATEMENT | |
| Title | THE POWER OF POSITIVE THINKING |
| 300 ## - PHYSICAL DESCRIPTION | |
| Extent | BOOK |
| 942 ## - ADDED ENTRY ELEMENTS (KOHA) | |
| Source of classification or shelving scheme | Dewey Decimal Classification |
| Koha item type | BOOK |
| Withdrawn status | Lost status | Source of classification or shelving scheme | Damaged status | Not for loan | Home library | Current library | Shelving location | Date acquired | Total Checkouts | Full call number | Barcode | Date last seen | Price effective from | Koha item type | Total Renewals | Date last checked out |
|---|---|---|---|---|---|---|---|---|---|---|---|---|---|---|---|---|
| Dewey Decimal Classification | Good Samaritan School Library | Good Samaritan School Library | General Knowledge | 12/05/2018 | PEA080 | 9788189998233 | 12/05/2018 | 12/05/2018 | BOOK | |||||||
| Dewey Decimal Classification | Good Samaritan School Library | Good Samaritan School Library | PSYCHOLOGY | 12/16/2023 | 3 | PEA240 | PEA12177 | 02/20/2025 | 12/16/2023 | BOOK | 2 | 01/09/2025 |